000 00377pab a2200157 454500
008 180718b2003 xxu||||| |||| 00| 0 eng d
100 _aThomas, Robert
245 _aThe impact of judicial review on asylum
260 _c2003
300 _ap.479-510.
362 _aAutumn
650 _aJudiciary
650 _aRight to seek asylum
773 _aPublic Law
909 _a57785
999 _c57785
_d57785